000 00240nam a2200097Ia 4500
001 735557
005 20250826163855.0
008 250824s9999 xx 000 0 und d
245 0 _aKIZIM, BEN ÇOCUKKEN
_cAYTÜL AKAL
260 _bTUDEM YAYINLARI
999 _c735557
_d735557